000 00662nam a2200205Ii 4500
001 13007
003 CO-ViMGA
008 241108s9999||||xx |||||||||||||| ||und||
040 _aCO-ViMGA
_bspa
_erda
_cCO-ViMGA
041 0 _aspa
082 0 4 _a351.99 A48z
100 1 _aHernando Agudelo Villa
_947850
245 1 0 _aLos zarpazos financieros:
_bEl grupo grancolombiano ante la justicia
264 1 _aBogotá, Colombia : Presencia, [Fecha de publicación no identificada]
300 _avolumen
336 _atext
_btxt
_2rdacontent
337 _aunmediated
_bn
_2rdamedia
338 _avolume
_bnc
_2rdacarrier
940 _aidficha_siabuc: 12713. -- ficha_no_siabuc:13007
999 _c42465
_d42465